| 000 | 00605nam a2200193Ia 4500 | ||
|---|---|---|---|
| 999 |
_c3438 _d3438 |
||
| 008 | 250604t2024 xx |||||||||||||| ||und|| | ||
| 020 |
_a9789364527705 _cRs. 590.00 |
||
| 040 | _aKO | ||
| 082 | 0 | 4 |
_a344.05 _bP8849 _223 |
| 100 | 1 | _aPrakash, Shakti | |
| 245 | 1 | 4 |
_aLaw relating to central armed police forces & AR _b: including leading case laws / _cShakti Prakash and Himanshu Gautam |
| 260 |
_aNew Delhi : _bBluerose publishers, _c2024 |
||
| 300 |
_a387 p. _b : _c; 23 cm. |
||
| 650 | 0 |
_apolice -- law _zIndia |
|
| 700 |
_aGautam, Himanshu _eaut |
||
| 904 | _aA_BOSE | ||
| 942 |
_cBK _2ddc |
||